000 00454nam a2200181Ia 4500
001 19774
005 20260306172717.0
008 260306t2011||||xx |||||||||||||| ||spa||
041 _aESP
082 _a341.1
_bC75
100 _aColeman, Jules
_eAUT
245 4 _aThe oxford handbook of jurisprudence and philosophy of law
260 _c2011
300 _ax, 1050 páginas :
_c24 cm.
650 _aGEN
654 _aCDE
942 _cLIB
_dJUS
_fJUS
_2ddc
_n
999 _c19774
_d19774